000 00756cab a2200253 4500
001 ABS49284
008 090401t1993 xxu||||| |||| 00| 0 eng d
035 _a(Sirsi) u70728
041 _aeng
245 _aGo-faster design for service station
260 _c1993
350 _a0
490 _aArchitects` Journal
_v198(9) 8 September 1993, 43-54(10)
520 _aCost analysis for a new motorway service station at Strensham.
650 _aBUILT ENVIRONMENT-BUILDING COSTS
650 _aBUILDING PROJECTS
650 _aCOST ANALYSIS
650 _aMOTORWAY SERVICE STATIONS
650 _aSERVICE STATIONS
690 _aBUILT ENVIRONMENT-BUILDING COSTS
690 _aBUILDING AND CONSTRUCTION-PROJECTS
942 _n0
948 _c04/03/1997
999 _c44524
_d44524